| 000 | 00377nam a2200145Ia 4500 | ||
|---|---|---|---|
| 008 | 240624s9999 xx 000 0 und d | ||
| 041 | _aeng | ||
| 082 | _a150 SUE | ||
| 100 | _aSUE DAVID | ||
| 245 | _aUNDERSTANDING ABNORMAL BEHAVIOR | ||
| 250 | _a(9th ed.) | ||
| 260 |
_c2010 _aAustralia _bWadsworth Cengage Learning |
||
| 300 | _axxiii, : 497 : p. : cm ; 27 | ||
| 365 |
_c _b30 |
||
| 999 |
_c14987 _d14987 |
||